Statistics for Rush Songs A-Z

Click here to take the quiz!

General Stats

  • This quiz has been taken 75 times
  • The average score is 15 of 23

Answer Stats

ClueAnswer% Correct
Y- Instrumental, very popular one at thatYYZ
92%
X- Decreed by Kubla KhanXanadu
89%
L- Famous Moving Pictures songLimelight
87%
V- Title track, 17th albumVapor Trail
81%
E- Name translates to “Just Between Us”Entre Nous
77%
P- Title track, 13th albumPresto
77%
C- Two parts, New York and LondonThe Camera Eye
77%
R- One of the many colored songs, based on WWIIRed Sector A
74%
S- Fitting in with the population is told in this songSubdivisions
74%
A- Album 10, Song 2Afterimage
71%
J- Rumbling thunder clouds can’t drown this songJacobs Ladder
71%
N- Old enough to win the worldNew World Man
71%
G- Last song created on a studio albumThe Garden
71%
O- First song on album Vapor TrailsOne Little Victory
68%
I- Quarter to 8 Rush songIn The Mood
65%
T- For when innocence slips awayTime Stand Still
65%
M- From first to last, this song wentMarathon
61%
W- Fear: Part 2The Weapon
56%
B- Song made directly for ESL tourBroon’s Bane
53%
F- Hit the target or you’ll never hit the groundFace Up
50%
K- And they learn the lesson right hereKid Gloves
40%
H- All the highlights come in this songHeadlong Flight
37%
D- With every scratch it reappearsDog Years
34%

Score Distribution

Percentile by Number Answered

Percent of People with Each Score

Your Score History

You have not taken this quiz